000 00320nam a22001337a 4500
008 180129b xxu||||| |||| 00| 0 eng d
020 _a9789280811117
041 _aeng
080 _a574
100 _a9
101 _aMJE
245 _aReforming International Environmental Governance
_cChambers, W.D
942 _2udc
_cBK
999 _c41176
_d41176